[Event "Ceriano Laghetto op-C 24th"]
[Site "Ceriano Laghetto"]
[Date "2015.03.07"]
[Round "2"]
[White "Sala, Pierluigi"]
[Black "Carugati, Mario"]
[Result "0-1"]
[WhiteElo "1527"]
[BlackElo "1389"]
[PlyCount "64"]
[EventDate "2015.03.06"]
[EventType "swiss"]
[EventRounds "5"]
[EventCountry "ITA"]
[SourceTitle "EXT 2024"]
[Source "ChessBase"]
[SourceDate "2023.10.10"]
[SourceVersion "1"]
[SourceVersionDate "2023.10.10"]
[SourceQuality "1"]

1. d4 e6 2. Nf3 h6 3. e4 d5 4. e5 a6 5. Bd3 c5 6. c3 Bd7 7. b3 b5 8. 0-0 Ne7 9. dxc5 Nf5 10. b4 Nc6 11. Re1 Be7 12. Bxf5 exf5 13. Qxd5 Rc8 14. Nd4 0-0 15. Qf3 Re8 16. Nxf5 Bg5 17. Bxg5 Qxg5 18. Nd6 Nxe5 19. Qg3 Nf3+ 20. gxf3 Rxe1+ 21. Kg2 Rd8 22. Qxg5 hxg5 23. Ne4 f6 24. Ned2 Bc6 25. a3 Rxd2 26. Nxd2 Rxa1 27. Nb3 Rxa3 28. Nd4 Bd5 29. c6 Rxc3 30. Nf5 Bxf3+ 31. Kg3 Bxc6+ 32. Ne3 f5 0-1

[Event "Ceriano Laghetto Winter op 4th"]
[Site "Ceriano Laghetto"]
[Date "2012.02.??"]
[Round "6"]
[White "Sala, Pierluigi"]
[Black "Nastasi, Ivano"]
[Result "1/2-1/2"]
[WhiteElo "1454"]
[BlackElo "1713"]
[PlyCount "90"]
[EventDate "2012.02.??"]
[EventType "swiss"]
[EventRounds "6"]
[EventCountry "ITA"]
[SourceTitle "EXT 2024"]
[Source "ChessBase"]
[SourceDate "2023.10.10"]
[SourceVersion "1"]
[SourceVersionDate "2023.10.10"]
[SourceQuality "1"]

1. d4 d5 2. Nf3 Nf6 3. e3 e6 4. c4 Bb4+ 5. Nc3 c5 6. Bd2 cxd4 7. Nxd4 e5 8. Nc2 Bxc3 9. Bxc3 Nc6 10. cxd5 Nxd5 11. Qd2 Bg4 12. Bb5 Nxc3 13. Bxc6+ bxc6 14. Qxc3 Qd5 15. 0-0 0-0 16. e4 Qe6 17. Ne3 Bh5 18. f4 f6 19. f5 Qd6 20. g4 Bf7 21. Rfd1 Qc7 22. Nd5 Bxd5 23. exd5 Qb6+ 24. Kg2 cxd5 25. Rxd5 Qb7 26. Rad1 Rac8 27. Qd2 Rc5 28. Kg3 Rcc8 29. Rd7 Qb8 30. Qd5+ Kh8 31. Rb7 Qa8 32. Qd7 Rg8 33. Qe7 Rce8 34. Qc7 Rc8 35. Qe7 Rb8 36. Rdd7 Rxb7 37. Rxb7 a5 38. Qc7 Qa6 39. Rb8 g5 40. Rxg8+ Kxg8 41. Qd8+ Kg7 42. Qd7+ Kg8 43. Qd8+ Kf7 44. Qd7+ Kg8 45. Qe8+ Kg7 1/2-1/2

[Event "Ceriano Laghetto Winter op 4th"]
[Site "Ceriano Laghetto"]
[Date "2012.02.??"]
[Round "1"]
[White "Sala, Pierluigi"]
[Black "Ronconi, Fausto"]
[Result "0-1"]
[WhiteElo "1454"]
[BlackElo "1726"]
[PlyCount "64"]
[EventDate "2012.02.??"]
[EventType "swiss"]
[EventRounds "6"]
[EventCountry "ITA"]
[SourceTitle "EXT 2024"]
[Source "ChessBase"]
[SourceDate "2023.10.10"]
[SourceVersion "1"]
[SourceVersionDate "2023.10.10"]
[SourceQuality "1"]

1. d4 d5 2. Nf3 e6 3. e3 Nf6 4. Bd3 Nbd7 5. 0-0 c5 6. c4 dxc4 7. Bxc4 cxd4 8. Nxd4 Nb6 9. Bb3 Bd7 10. Nc3 a6 11. Bd2 Be7 12. Re1 0-0 13. e4 Bc5 14. Bg5 e5 15. Nf3 Re8 16. Rc1 h6 17. Bxf6 Qxf6 18. Nd5 Nxd5 19. Bxd5 Qb6 20. Rc2 Bg4 21. Qd3 Re7 22. Rec1 Rc8 23. Kf1 Bxf3 24. Qxf3 Rcc7 25. a3 Bd4 26. b4 Bb2 27. Rxc7 Rxc7 28. Rd1 Qb5+ 29. Kg1 Qa4 30. g3 Qxa3 31. Bxf7+ Kf8 32. Bg6+ Qxf3 0-1

[Event "Ceriano Laghetto op-C 20th"]
[Site "Ceriano Laghetto"]
[Date "2011.04.02"]
[Round "2"]
[White "Ruo, Valentina"]
[Black "Sala, Pierluigi"]
[Result "1-0"]
[WhiteElo "1431"]
[BlackElo "1508"]
[PlyCount "83"]
[EventDate "2011.04.01"]
[EventType "swiss"]
[EventRounds "5"]
[EventCountry "ITA"]
[SourceTitle "EXT 2024"]
[Source "ChessBase"]
[SourceDate "2023.10.10"]
[SourceVersion "1"]
[SourceVersionDate "2023.10.10"]
[SourceQuality "1"]

1. e4 c5 2. Nf3 d6 3. d4 cxd4 4. Nxd4 Nc6 5. Bb5 Bd7 6. Nc3 e5 7. Nxc6 bxc6 8. Bc4 Nf6 9. Bg5 Bg4 10. Bxf6 Qxf6 11. Qxg4 h5 12. Qg3 Rb8 13. Na4 Rh6 14. Ba6 Qd8 15. b3 Qa5+ 16. Qc3 Qxa6 17. Nb2 Be7 18. Nc4 Bd8 19. 0-0 Rf6 20. Qg3 Rg6 21. Qf3 h4 22. h3 Qc8 23. Qf5 Qc7 24. Rad1 Be7 25. f4 exf4 26. Qxf4 Rb5 27. Qxf7+ Kd7 28. Qxg6 Rg5 29. Qf7 d5 30. exd5 cxd5 31. Rxd5+ Rxd5 32. Qxd5+ Kc8 33. Qg8+ Kb7 34. Qd5+ Kb8 35. Rf7 g5 36. Qb5+ Kc8 37. Rg7 Bc5+ 38. Kf1 Qf4+ 39. Ke1 Qc1+ 40. Ke2 Qxc2+ 41. Nd2 Qf5 42. Qe8# 1-0